| 000 | 00654nam a2200229Ia 4500 | ||
|---|---|---|---|
| 003 | OSt | ||
| 005 | 20230802151009.0 | ||
| 008 | 210716s1999 xx 000 0 und d | ||
| 020 | _a8120315227 | ||
| 040 | _cAIMIT LIBRARY | ||
| 041 | _aeng | ||
| 082 |
_a005.43 _21 _bWAGB |
||
| 100 |
_aWagner, Bill. _9129154 |
||
| 245 |
_aComplee idiots guide to unix / _cBy Bill Wagner. |
||
| 250 | _a1st ed. | ||
| 260 |
_aNew Delhi : _bPrentice Hall of India PVt Ltd , _c1999. |
||
| 300 | _axviii,396 p.; | ||
| 650 |
_aWorking in the unix gui _9129155 |
||
| 650 |
_aNuts and bolts _9129156 |
||
| 650 |
_aUnixs net worth _9129157 |
||
| 942 |
_2ddc _cBK _k005.43 WAGB |
||
| 999 |
_c183471 _d183471 |
||